Normal view
MARC view
Entry Topical Term
001 - CONTROL NUMBER
- control field: 16817
003 - CONTROL NUMBER IDENTIFIER
- control field: BD-RjUL
005 - DATE AND TIME OF LATEST TRANSACTION
- control field: 20250908122411.0
008 - FIXED-LENGTH DATA ELEMENTS
- fixed length control field: 250908|| aca||aabn | a|a d
040 ## - CATALOGING SOURCE
- Original cataloging agency: BD-RjUL
- Transcribing agency: BD-RjUL
150 ## - HEADING--TOPICAL TERM
- Topical term or geographic name entry element: Persian poetry
- Form subdivision: Iqbal’s works and their commentary
- General subdivision: criticism)
670 ## - SOURCE DATA FOUND
- Source citation: Work cat.: (BD-RjUL)85663: چشتی, یوسف سلیم ;; Chishti, Yusuf Salim 16816, شرح زبور عجم / Šarḥ-i Zabūr-i ʿajam /, 1953